=LDR 00000nam 2200000 4500 =001 INLIS000000000045387 =005 20150123094043.0 =006 =007 =008 =020 ##$$a978-979-27-7361-3 =035 ##$$0010-011500000000213 =082 ##$$a028.5 =100 ##$$aIRENE CHRISTINE =245 ##$$aWHY? HAPP0Y SCIENCE =260 ##$$a JAKARTA $b ELEX. MK. $c 2010 =850 ##$$aNBPNMAT =990 ##$$a21101936 =990 ##$$a 0001/BPAP-NTB/20142015